Supplement [sic] no. 1 al llibre Del present i del pròxim avenir : 23 gener ... / Joaquim Cases-Carbó 23 gener ... / Joaquim Cases-Carbó
Descripción Física:
92 p. ; 20 cm
MARC
| LEADER | 00000nam a2200000Ia 4500 | ||
|---|---|---|---|
| 001 | 13961 | ||
| 008 | 160829s1935 xx 000 0 cat d | ||
| 080 | |a M-4-76 | ||
| 100 | 1 | |a Cases-Carbó, Joaquim, |d 1858-1943 |9 24314 | |
| 245 | |a Supplement [sic] no. 1 al llibre Del present i del pròxim avenir : |b 23 gener ... / Joaquim Cases-Carbó | ||
| 260 | |a Barcelona : |b Catalònia, |c 1935 | ||
| 300 | |a 92 p. ; |c 20 cm | ||
| 590 | |a Avant-títol: Un llibre europeu?. | ||
| 590 | |a Text multilingüe | ||
| 650 | |a Pau |9 49353 | ||
| 650 | 0 | |a Nacionalisme |x Europa |9 24313 | |
| 650 | 0 | |a Nacionalisme |z Catalunya |9 11008 | |
| 901 | |a Arxiu | ||
| 942 | |n 1 | ||
| 952 | |0 0 |1 0 |4 0 |6 M476 |7 1 |9 43079 |a Arxiu |b Arxiu |d 2016-12-01 |l 0 |o M-4-76 |p 13961 |r 2016-12-01 00:00:00 |w 2016-12-01 |y ARXIU | ||
| 999 | |c 45623 |d 45623 | ||